Modern elementary statistics
Saved in:
| Main Author: | |
|---|---|
| Other Authors: | |
| Format: | Book |
| Language: | English |
| Published: |
Upper Saddle River, N.J. :
Pearson Prentice Hall,
c2007
|
| Edition: | 12th ed. |
| Subjects: | |
| Tags: |
Add Tag
No Tags, Be the first to tag this record!
|
MARC
| LEADER | 00000nam a2200000 i 4500 | ||
|---|---|---|---|
| 001 | 1/95016 | ||
| 008 | 081007s2007 eng d | ||
| 020 | |a 978-0-13-187439-8 (cdrom) | ||
| 020 | |a 0-13-187439-X | ||
| 020 | |a 0-13-187440-3 | ||
| 035 | |l 10100682 | ||
| 040 | |a GR-MY-UA |b gre |e aacr | ||
| 041 | 0 | |a eng | |
| 082 | 0 | |a 519.5 |2 (22) | |
| 100 | 1 | |a Freund, John E. | |
| 245 | 1 | 0 | |a Modern elementary statistics / |c John E. Freund, Benjamin M. Perles |
| 250 | |a 12th ed. | ||
| 260 | |a Upper Saddle River, N.J. : |b Pearson Prentice Hall, |c c2007 | ||
| 300 | |a xiii, 561 σ.; |b εικ., διαγρ.; |c 24 εκ. | ||
| 504 | |a Περιέχει βιβλιογραφικές παραπομπές και ευρετήριο | ||
| 650 | 0 | 0 | |a Statistics. |
| 700 | 1 | |a Perles, Benjamin M. |d 1922- | |
| 852 | |a INST |b LESVOS |e 20081007 |h 519.5 FRE |p 005100044348 |q 005100044348 |t BK |y 0 | ||
| 852 | |a INST |b LESVOS |e 20081007 |h 519.5 FRE |p 005100044347 |q 005100044347 |t BK |y 0 | ||
| 901 | |a BIBL1-2008-3 | ||
| 909 | |a Λ |b 143922 | ||
| 909 | |a Λ |b 141047 | ||
| 922 | |a 1ΕΛΗ |b 200801 |c ΕΠΕΑΕΚ2/ΤΠ |d ΠΑΠΑΣΩΤΗΡΙΟΥ | ||
| 970 | |a ΓΙΑΛΑΜΑ |b ΜΑΡΙΑ |z 2008/10/07 | ||